[Event "TCh-CHN 2019"]
[Site "China CHN"]
[Date "2019.04.12"]
[Round "4.3"]
[Board "1"]
[White "Malakhov, Vladimir"]
[Black "Lan, Zilun"]
[Result "1-0"]
[WhiteTitle "GM"]
[WhiteElo "2668"]
[BlackElo "2313"]
[WhiteTeam "Zhihui Sports chess team of Tianjin"]
[BlackTeam "Zhejiang team"]
[WhiteFideId "4120787"]
[BlackFideId "8604193"]
[EventDate "2019.04.09"]

1. Nf3 Nf6 2. d4 e6 3. g3 b6 4. Bg2 Bb7 5. c4 Bb4+ 6. Bd2 Bxd2+ 7. Qxd2 d6 8.
O-O Nbd7 9. Nc3 Ne4 10. Nxe4 Bxe4 11. Qe3 Nf6 12. Rfd1 Qe7 13. Rac1 O-O 14. b4
h6 15. Bh3 Rfd8 16. Nd2 Bb7 17. d5 a5 18. a3 axb4 19. axb4 Re8 20. dxe6 fxe6 21.
c5 bxc5 22. bxc5 Bd5 23. Nc4 Nd7 24. cxd6 cxd6 25. Nb6 Nxb6 26. Qxb6 Reb8 27.
Qd4 Ra6 28. e4 Bb3 29. Rb1 Rab6 30. Rd2 e5 31. Qe3 R6b7 32. Qd3 Be6 33. Rxb7
Rxb7 34. Bxe6+ Qxe6 35. Qxd6 Qxd6 36. Rxd6 Rb4 37. f3 Kf7 38. g4 Rb2 39. h4 Ra2
40. h5 Rb2 41. Kf1 Ra2 42. Ke1 Rb2 43. Rd2 Rb6 44. Kf2 Ra6 45. Rd1 Kf6 46. Kg3
Ra3 47. Rd6+ Kf7 48. g5 hxg5 49. Kg4 Rb3 50. Rg6 Rb1 51. Rxg5 Kf6 52. Rg6+ Kf7
53. Kf5 Rb3 54. Rg3 Rb5 55. Rg5 Ra5 56. Kg4 Kf6 57. f4 Ra1 58. Rf5+ Ke6 59.
Rxe5+ Kf6 60. Rf5+ Ke6 61. Rg5 Rg1+ 62. Kf3 Rf1+ 63. Kg3 Re1 64. Rg6+ Kf7 65. e5
Rh1 66. Kg4 Rg1+ 67. Kf5 Rh1 68. e6+ Kf8 69. h6 1-0

[Event "TCh-CHN 2019"]
[Site "China CHN"]
[Date "2019.04.12"]
[Round "4.3"]
[Board "2"]
[White "Wang, Yue"]
[Black "Lu, Shanglei"]
[Result "1-0"]
[WhiteTitle "GM"]
[BlackTitle "GM"]
[WhiteElo "2674"]
[BlackElo "2612"]
[WhiteTeam "Zhihui Sports chess team of Tianjin"]
[BlackTeam "Zhejiang team"]
[WhiteFideId "8601429"]
[BlackFideId "8603332"]
[EventDate "2019.04.09"]

1. d4 Nf6 2. c4 e6 3. Nc3 d5 4. Bg5 Nbd7 5. e3 h6 6. Bh4 Be7 7. Rc1 O-O 8. cxd5
exd5 9. Bd3 c5 10. Nf3 b6 11. O-O Bb7 12. Bf5 g6 13. Bxd7 Qxd7 14. dxc5 bxc5 15.
Bxf6 Bxf6 16. Ne4 Bxb2 17. Nxc5 Qe7 18. Rc2 Bf6 19. Nxb7 Qxb7 20. Rc5 Rfd8 21.
Qa4 Rac8 22. Rb5 Qc6 23. Ra5 Qxa4 24. Rxa4 Rc2 25. g3 Bc3 26. Rxa7 d4 27. Rd1 d3
28. Ra3 Rd6 29. Rb3 Kg7 30. Kg2 g5 31. g4 Kg6 32. a3 h5 33. h3 h4 34. Rb5 Bf6
35. a4 Ra2 36. a5 Rc6 37. Nd2 Ra4 38. Kf3 Bd8 39. Ne4 Re6 40. Rxd3 1-0

[Event "TCh-CHN 2019"]
[Site "China CHN"]
[Date "2019.04.12"]
[Round "4.3"]
[Board "3"]
[White "Dai, Changren"]
[Black "Xu, Minghui"]
[Result "1-0"]
[WhiteTitle "IM"]
[WhiteElo "2511"]
[BlackElo "2406"]
[WhiteTeam "Zhihui Sports chess team of Tianjin"]
[BlackTeam "Zhejiang team"]
[WhiteFideId "8608156"]
[BlackFideId "8606790"]
[EventDate "2019.04.09"]

1. e4 e5 2. Nf3 Nc6 3. Bb5 a6 4. Ba4 Nf6 5. O-O Be7 6. Re1 b5 7. Bb3 d6 8. c3
O-O 9. h3 Bb7 10. d4 Re8 11. Nbd2 Bf8 12. d5 Nb8 13. Nf1 Nbd7 14. Bg5 h6 15. Bh4
g6 16. N3d2 Be7 17. Ne3 Nc5 18. Bxf6 Bxf6 19. Bc2 c6 20. b4 Nd7 21. dxc6 Bxc6
22. Nb3 Nb6 23. Na5 Qc7 24. Bb3 Bg5 25. Qf3 Rf8 26. Nxc6 Qxc6 27. Bd5 Nxd5 28.
Nxd5 a5 29. a3 h5 30. Qg3 Bd8 31. Qd3 a4 32. f4 exf4 33. Rf1 Bg5 34. g3 Rae8 35.
gxf4 Bh4 36. f5 Qc4 37. Qxc4 bxc4 38. f6 Rxe4 39. b5 Rb8 40. b6 Kf8 41. Rab1 Ke8
42. Rb4 Kd7 43. Rxa4 Kc6 44. Rd1 Bg5 45. Ne7+ Kxb6 46. Rb1+ 1-0

[Event "TCh-CHN 2019"]
[Site "China CHN"]
[Date "2019.04.12"]
[Round "4.3"]
[Board "4"]
[White "Zhu, Jiner"]
[Black "Zatonskih, Anna"]
[Result "1/2-1/2"]
[WhiteTitle "WIM"]
[BlackTitle "IM"]
[WhiteElo "2461"]
[BlackElo "2420"]
[WhiteTeam "Zhejiang team"]
[BlackTeam "Zhihui Sports chess team of Tianjin"]
[WhiteFideId "8608059"]
[BlackFideId "14101572"]
[EventDate "2019.04.09"]

1. e4 e5 2. Nf3 Nf6 3. Nxe5 d6 4. Nf3 Nxe4 5. Nc3 Nf6 6. d4 Be7 7. Bg5 h6 8. Be3
c6 9. Qd2 Be6 10. Bd3 Nbd7 11. O-O Nb6 12. Rfe1 Nc4 13. Bxc4 Bxc4 14. b3 Be6 15.
h3 O-O 16. Bf4 Re8 17. Ne4 Nxe4 18. Rxe4 Bf5 19. Re3 Qd7 20. Rae1 Bf8 21. c4
Rxe3 22. Qxe3 Qe6 23. Qd2 Qd7 24. Bg3 a6 25. Qe3 Bg6 26. Nh4 Bh7 27. Nf3 Bg6 28.
Nh4 Bh7 29. Re2 g5 30. Nf3 f5 1/2-1/2

[Event "TCh-CHN 2019"]
[Site "China CHN"]
[Date "2019.04.12"]
[Round "4.3"]
[Board "5"]
[White "Ding, Yixin"]
[Black "Xiao, Yiyi"]
[Result "1-0"]
[WhiteTitle "WGM"]
[BlackTitle "WFM"]
[WhiteElo "2439"]
[BlackElo "2306"]
[WhiteTeam "Zhejiang team"]
[BlackTeam "Zhihui Sports chess team of Tianjin"]
[WhiteFideId "8602972"]
[BlackFideId "8606161"]
[EventDate "2019.04.09"]

1. e4 e5 2. Bc4 Nf6 3. d3 Nc6 4. Nc3 Na5 5. a3 Nxc4 6. dxc4 d6 7. Nge2 Be7 8.
Ng3 c6 9. Qd3 h6 10. Be3 Be6 11. Rd1 O-O 12. O-O Qc7 13. h3 Rfd8 14. f4 exf4 15.
Bxf4 Qa5 16. Kh1 Nd7 17. Nd5 cxd5 18. cxd5 Ne5 19. Bxe5 dxe5 20. Qf3 Qb6 21. Rd3
Bf8 22. Rb3 Qc7 23. dxe6 fxe6 24. Qg4 Rd6 25. Nh5 Qe7 26. Qg6 Kh8 27. Rg3 1-0

[Event "TCh-CHN 2019"]
[Site "China CHN"]
[Date "2019.04.12"]
[Round "4.4"]
[Board "1"]
[White "Ma, Qun"]
[Black "Xu, Xiangyu"]
[Result "1/2-1/2"]
[WhiteTitle "GM"]
[BlackTitle "GM"]
[WhiteElo "2627"]
[BlackElo "2582"]
[WhiteTeam "Hangzhou Bank Team"]
[BlackTeam "Chengdu Beilei Youth Chess Club"]
[WhiteFideId "8603154"]
[BlackFideId "8608288"]
[EventDate "2019.04.09"]

1. d4 Nf6 2. c4 g6 3. f3 d5 4. cxd5 Nxd5 5. e4 Nb6 6. Nc3 Bg7 7. Be3 Nc6 8. d5
Ne5 9. f4 Ng4 10. Bb5+ Bd7 11. Bd4 Bxd4 12. Qxd4 O-O 13. Bxd7 Qxd7 14. h3 Nf6
15. Nf3 c6 16. Ne5 Qd6 17. Nxc6 Nfxd5 18. exd5 bxc6 19. Rd1 cxd5 20. O-O Rac8
21. Kh1 Rc4 22. Qd2 e6 23. b3 Rc6 24. Nb5 Qd7 25. Nd4 Rd6 26. Rf3 Rc8 27. Rc1
Rxc1+ 28. Qxc1 Qe7 29. Rc3 Qf6 30. Qe3 Rd8 31. Rc7 Rd7 32. Rc6 Rd8 33. Rc7 Rd7
34. Rc6 Rd8 35. Rc7 1/2-1/2

[Event "TCh-CHN 2019"]
[Site "China CHN"]
[Date "2019.04.12"]
[Round "4.4"]
[Board "2"]
[White "Bai, Jinshi"]
[Black "Fedoseev, Vladimir3"]
[Result "1-0"]
[WhiteTitle "GM"]
[BlackTitle "GM"]
[WhiteElo "2600"]
[BlackElo "2677"]
[WhiteTeam "Hangzhou Bank Team"]
[BlackTeam "Chengdu Beilei Youth Chess Club"]
[WhiteFideId "8602280"]
[BlackFideId "24130737"]
[EventDate "2019.04.09"]

1. d4 d5 2. c4 e6 3. Nf3 Nf6 4. g3 Bb4+ 5. Nbd2 O-O 6. Bg2 b6 7. O-O Bb7 8. b3
Be7 9. Bb2 c5 10. Rc1 Nbd7 11. cxd5 exd5 12. Ne5 Nxe5 13. dxe5 Ne8 14. Qc2 Qd7
15. Rfd1 Rd8 16. Nc4 d4 17. Bxb7 Qxb7 18. e3 dxe3 19. Nxe3 Nc7 20. Rxd8 Rxd8 21.
Rd1 Ne6 22. Rxd8+ Bxd8 23. Qd3 Qf3 24. Qd1 Qe4 25. Qc2 Qb7 26. Qd3 b5 27. Qd5
Qa6 28. Qd7 g6 29. a4 bxa4 30. Nc4 Bc7 31. Nd6 Bxd6 32. exd6 a3 33. Bc3 Qd3 34.
Qe8+ Nf8 35. Qe5 f6 36. Qxf6 Qb1+ 37. Kg2 Qe4+ 38. f3 Qe2+ 39. Kg1 Qd1+ 40. Kf2
Qc2+ 41. Ke3 Qc1+ 42. Ke2 Qc2+ 43. Ke3 Qc1+ 44. Ke4 Qc2+ 45. Kf4 Qf5+ 46. Qxf5
gxf5 47. Kxf5 Kf7 48. Ke5 Ne6 49. Kd5 a2 50. f4 Nd8 51. f5 Ke8 52. g4 Kd7 53. g5
Nf7 54. g6 hxg6 55. fxg6 Nxd6 56. g7 Nf5 57. Kxc5 Ne7 58. Kb4 1-0

[Event "TCh-CHN 2019"]
[Site "China CHN"]
[Date "2019.04.12"]
[Round "4.4"]
[Board "4"]
[White "Ren, Xiaoyi"]
[Black "Khademalsharieh, Sarasadat"]
[Result "1/2-1/2"]
[BlackTitle "IM"]
[WhiteElo "2253"]
[BlackElo "2487"]
[WhiteTeam "Chengdu Beilei Youth Chess Club"]
[BlackTeam "Hangzhou Bank Team"]
[WhiteFideId "8608709"]
[BlackFideId "12512214"]
[EventDate "2019.04.09"]

1. d4 Nf6 2. c4 e6 3. g3 d5 4. Bg2 Bb4+ 5. Bd2 Bd6 6. Nc3 O-O 7. Nf3 Nbd7 8. c5
Be7 9. b4 Ne4 10. O-O f5 11. Rc1 c6 12. a4 b6 13. b5 Bb7 14. cxb6 Nxd2 15. Qxd2
axb6 16. bxc6 Bxc6 17. Nb5 Bxb5 18. axb5 Bd6 19. Ng5 Qe7 20. Qe3 Rae8 21. Rc6
Nb8 22. Rc2 Qd7 23. Qd3 h6 24. Nf3 Rc8 25. Rfc1 Rxc2 26. Rxc2 Rc8 27. e3 Rxc2
28. Qxc2 Qxb5 29. Qc8+ Kf7 30. Qd8 Qc6 31. Bf1 Qc7 32. Qh8 Nd7 33. Qa8 Nf6 34.
Bb5 Ne4 35. Qe8+ Kf6 36. Nh4 Qf7 37. Qd8+ Qe7 38. Qxb6 Bc7 39. Qc6 Ba5 40. Bd3 1/2-1/2

[Event "TCh-CHN 2019"]
[Site "China CHN"]
[Date "2019.04.12"]
[Round "4.4"]
[Board "5"]
[White "Koneru, Humpy"]
[Black "Li, Ruofan"]
[Result "1/2-1/2"]
[WhiteTitle "GM"]
[BlackTitle "IM"]
[WhiteElo "2574"]
[BlackElo "2335"]
[WhiteTeam "Chengdu Beilei Youth Chess Club"]
[BlackTeam "Hangzhou Bank Team"]
[WhiteFideId "5008123"]
[BlackFideId "8600643"]
[EventDate "2019.04.09"]

1. Nf3 Nf6 2. c4 e6 3. Nc3 d5 4. d4 dxc4 5. e4 c5 6. Bxc4 a6 7. e5 cxd4 8. Nxd4
Nfd7 9. Bf4 Nb6 10. Be2 Nc6 11. Nxc6 Qxd1+ 12. Rxd1 bxc6 13. O-O Nd5 14. Bd2 a5
15. Rc1 Bd7 16. Na4 Bb4 17. Rfd1 Ke7 18. Bg5+ f6 19. Bh4 Kf7 20. a3 Be7 21. Bh5+
g6 22. exf6 Bxf6 23. Bxf6 Kxf6 24. Nc5 Ke7 25. Bg4 h5 26. Bxe6 Bxe6 27. Re1 Nf4
28. Nxe6 Nd3 29. Nc7+ Nxe1 30. Rxe1+ Kd6 31. Nxa8 Rxa8 32. Kf1 Rb8 33. Re2 g5
34. Ke1 g4 35. f3 Rb3 36. Kf2 c5 37. Kg3 c4 38. Rc2 Kd5 39. Kf4 gxf3 40. gxf3
Kd4 41. Rd2+ Rd3 42. Re2 Rb3 43. Rd2+ Rd3 44. Rg2 Rb3 45. h4 Kd3 46. Kg5 Rb5+
47. Kg6 Ke3 48. Rc2 Kd3 49. Rg2 Ke3 50. Rc2 Kd3 51. Rc3+ Kd4 52. Rc2 1/2-1/2

[Event "TCh-CHN 2019"]
[Site "China CHN"]
[Date "2019.04.12"]
[Round "4.5"]
[Board "3"]
[White "Zeng, Chongsheng"]
[Black "Lin, Chen"]
[Result "1/2-1/2"]
[WhiteTitle "GM"]
[BlackTitle "GM"]
[WhiteElo "2552"]
[BlackElo "2489"]
[WhiteTeam "Chongqing Sports lottery chess team"]
[BlackTeam "Jiangsu team"]
[WhiteFideId "8603847"]
[BlackFideId "8602298"]
[EventDate "2019.04.09"]

1. e4 e5 2. Nf3 Nc6 3. Bc4 Bc5 4. c3 Nf6 5. d4 exd4 6. e5 d5 7. Bb5 Ne4 8. cxd4
Bb4+ 9. Bd2 Be7 10. Nc3 O-O 11. h3 a6 12. Ba4 Nb4 13. O-O c5 14. Be3 b5 15. a3
bxa4 16. axb4 Nxc3 17. bxc3 cxb4 18. cxb4 Bd7 19. Qd2 Qb6 20. Rfb1 Rfb8 21. Qa2
Qb5 22. Bd2 h6 23. e6 fxe6 24. Ne5 Be8 25. Qc2 Bd6 26. Qd1 Bxe5 27. dxe5 Bg6 28.
Rc1 Rc8 29. Rxc8+ Rxc8 30. Qxa4 Qxa4 31. Rxa4 1/2-1/2

[Event "TCh-CHN 2019"]
[Site "China CHN"]
[Date "2019.04.12"]
[Round "4.5"]
[Board "4"]
[White "Guo, Qi"]
[Black "Tan, Zhongyi"]
[Result "1/2-1/2"]
[WhiteTitle "IM"]
[BlackTitle "GM"]
[WhiteElo "2406"]
[BlackElo "2502"]
[WhiteTeam "Jiangsu team"]
[BlackTeam "Chongqing Sports lottery chess team"]
[WhiteFideId "8604002"]
[BlackFideId "8603642"]
[EventDate "2019.04.09"]

1. d4 Nf6 2. c4 e6 3. Nf3 d5 4. Nc3 dxc4 5. e3 a6 6. a4 c5 7. Bxc4 Nc6 8. O-O
Be7 9. Qe2 cxd4 10. Rd1 e5 11. exd4 exd4 12. Nxd4 Nxd4 13. Qe5 Qd6 14. Qxd4 Qxd4
15. Rxd4 Bc5 16. Rd3 O-O 17. Be3 Bxe3 18. Rxe3 Bd7 19. Nd5 Nxd5 20. Bxd5 Bc6 21.
Bxc6 bxc6 22. Rc1 Rfb8 23. b3 Rb6 24. g3 g6 25. Rc5 Rd8 26. Rec3 Rd6 27. Kg2 h5
28. h4 Kf8 29. a5 Rb5 30. Rxc6 Rxc6 31. Rxc6 Rxa5 1/2-1/2

[Event "TCh-CHN 2019"]
[Site "China CHN"]
[Date "2019.04.12"]
[Round "4.5"]
[Board "5"]
[White "Shen, Yang"]
[Black "Lei, Tingjie"]
[Result "0-1"]
[WhiteTitle "IM"]
[BlackTitle "GM"]
[WhiteElo "2402"]
[BlackElo "2483"]
[WhiteTeam "Jiangsu team"]
[BlackTeam "Chongqing Sports lottery chess team"]
[WhiteFideId "8603162"]
[BlackFideId "8605114"]
[EventDate "2019.04.09"]

1. d4 Nf6 2. c4 e6 3. Nc3 Bb4 4. Qc2 O-O 5. a3 Bxc3+ 6. Qxc3 b6 7. Bg5 Bb7 8. f3
h6 9. Bh4 d5 10. e3 c5 11. dxc5 Nbd7 12. cxb6 Qxb6 13. Bf2 Rfc8 14. Qb4 dxc4 15.
Qxb6 axb6 16. Ne2 Nc5 17. Nc3 Nb3 18. Rb1 Nd5 19. Nxd5 exd5 20. Kd1 c3 21. bxc3
Rxa3 22. Be1 Bc6 23. Bd3 Ba4 24. Rb2 b5 25. Ke2 b4 26. Bf5 Nc1+ 27. Kf2 bxc3 28.
Rb1 Ra2+ 29. Kf1 Nb3 30. Bxc8 c2 31. Bf5 cxb1=Q 32. Bxb1 Bb5+ 33. Kg1 Ra1 0-1

[Event "TCh-CHN 2019"]
[Site "China CHN"]
[Date "2019.04.12"]
[Round "4.6"]
[Board "1"]
[White "Nie, Xinyang"]
[Black "Cheparinov, Ivan"]
[Result "1/2-1/2"]
[BlackTitle "GM"]
[WhiteElo "2348"]
[BlackElo "2687"]
[WhiteTeam "Chongqing Jiulongpo Yucai Chess team"]
[BlackTeam "Guangdong Shenzhen Longgang Chess team"]
[WhiteFideId "8607222"]
[BlackFideId "2905540"]
[EventDate "2019.04.09"]

1. d4 f5 2. Nf3 Nf6 3. g3 g6 4. Bg2 Bg7 5. O-O O-O 6. b3 d6 7. Bb2 c6 8. Nbd2 a5
9. c4 Na6 10. a3 e5 11. dxe5 Nd7 12. b4 dxe5 13. e4 Nf6 14. Qe2 Re8 15. c5 fxe4
16. Nxe4 Nxe4 17. Qxe4 Bf5 18. Qe3 Qd3 19. Qc1 Rad8 20. Re1 axb4 21. Nxe5 Qd2
22. axb4 Qxc1 23. Raxc1 Nxb4 24. Bf1 Nc2 25. Re2 Nb4 26. Ree1 Kf8 27. f4 Nc2 28.
Red1 Rxd1 29. Rxd1 Ne3 30. Rd2 Nxf1 31. Kxf1 Ra8 32. Kf2 Bxe5 33. Bxe5 Kf7 34.
Bd4 Ra4 35. Be3 Rb4 36. Rd4 Rb5 37. Rd8 h5 38. Bd4 Ra5 39. Be3 Ra1 40. h4 Ra3
41. Rd6 Be6 42. Rd2 Bd5 43. f5 gxf5 44. Rb2 Ra7 45. Bf4 Ke6 46. Bd6 Be4 47. Ke3
Ra3+ 48. Kd2 Ra7 49. Rb3 Bd5 50. Rb4 Ra2+ 51. Ke3 Ra3+ 52. Kd2 Be4 53. Rxb7 Kd5
54. Rb4 Bf3 55. Kc2 Be2 56. Kb2 Re3 57. Kc2 Bc4 58. Kd2 Rf3 59. Rb2 Kd4 60. Rc2
Rf1 61. Rb2 Rh1 62. Rc2 Rb1 63. Rc1 Rb2+ 64. Rc2 Rb3 65. Ke1 Bd3 66. Rd2 Ke3 67.
Bf4+ Kf3 68. Rf2+ Ke4 69. Bd6 Ke3 70. Bf4+ Kd4 71. Bd6 Rb1+ 72. Kd2 Rb2+ 73. Ke1
Rb3 74. Rd2 f4 75. Kf2 fxg3+ 76. Kxg3 Ke4 77. Kg2 Bc4 78. Rf2 Bd5 79. Rf8 Rb1
80. Kg3 Ke3 81. Bf4+ Kd4 82. Bd6 Rg1+ 83. Kf2 Rg2+ 84. Kf1 Rc2 85. Rf2 Rc1+ 86.
Ke2 Be4 87. Kd2 Rh1 88. Rh2 Rb1 89. Rf2 Rb3 90. Ke1 Bf3 91. Kd2 Ra3 92. Kc1 Ke3
93. Rh2 Rd3 94. Kb2 Kd4 95. Kc1 Rd1+ 96. Kb2 Be4 97. Kb3 Rb1+ 98. Rb2 Bd5+ 99.
Kc2 Rh1 100. Be7 Re1 101. Bf6+ Kxc5 102. Kd2 Rf1 103. Bg5 Kd4 104. Be3+ Ke5 105.
Rb8 Rh1 106. Re8+ Be6 107. Bg5 c5 108. Rh8 Rh2+ 109. Kc3 Rh3+ 110. Kd2 Bf7 111.
Rc8 c4 112. Rc7 Be6 113. Kc2 Rf3 114. Be7 Bf5+ 115. Kd2 Rd3+ 116. Ke1 Be6 117.
Bf8 Rh3 118. Be7 Ke4 119. Kd2 Rd3+ 120. Kc2 Rf3 121. Kd2 Kd4 122. Bc5+ Ke5 123.
Be7 Bd5 124. Kc2 Be4+ 125. Kd2 Rd3+ 126. Kc1 Bd5 127. Kc2 Rh3 128. Kd2 Be6 129.
Kc2 Bf5+ 130. Kd2 Rd3+ 131. Kc1 Kd4 132. Bf6+ Kd5 133. Be7 Bg4 134. Kb2 Rb3+
135. Kc2 Bf5+ 136. Kd2 Rf3 137. Ke2 Rd3 138. Rc5+ Ke6 139. Bf8 Bg4+ 140. Ke1 Rd4
141. Bg7 Re4+ 142. Kd2 Kd6 143. Bf8+ Ke6 144. Rc7 Rf4 145. Bh6 Re4 146. Bf8 Kd5
147. Be7 Re2+ 148. Kc3 Re3+ 149. Kd2 Rf3 150. Kc2 Rb3 151. Kd2 Rh3 152. Kc2 Be2
153. Kd2 Bd3 154. Kc3 Rh2 155. Rc5+ Ke4 156. Bf6 Rc2+ 157. Kb4 Rf2 158. Bc3 Rf1
159. Re5+ Kf4 160. Rxh5 1/2-1/2

[Event "TCh-CHN 2019"]
[Site "China CHN"]
[Date "2019.04.12"]
[Round "4.6"]
[Board "3"]
[White "Peng, Xiongjian"]
[Black "Xu, Yinglun"]
[Result "1/2-1/2"]
[BlackTitle "GM"]
[WhiteElo "2489"]
[BlackElo "2555"]
[WhiteTeam "Chongqing Jiulongpo Yucai Chess team"]
[BlackTeam "Guangdong Shenzhen Longgang Chess team"]
[WhiteFideId "8610550"]
[BlackFideId "8604940"]
[EventDate "2019.04.09"]

1. d4 Nf6 2. Nf3 e6 3. c4 d5 4. Nc3 c5 5. cxd5 Nxd5 6. e4 Nxc3 7. bxc3 cxd4 8.
cxd4 Bb4+ 9. Bd2 Bxd2+ 10. Qxd2 O-O 11. Bc4 Nd7 12. O-O b6 13. a4 Bb7 14. Bd3 e5
15. Nxe5 Nxe5 16. dxe5 Bxe4 17. Rfd1 Qxd3 18. Qxd3 Bxd3 19. Rxd3 Rfd8 20. Rad1
Rxd3 21. Rxd3 Rc8 22. f4 g6 23. Rd4 h5 24. Kf2 Kf8 25. g4 hxg4 26. Kg3 Ke7 27.
Kxg4 Rc1 28. a5 bxa5 29. Rd6 Rg1+ 30. Kh4 Rf1 31. Kg4 Rg1+ 32. Kh4 Rf1 33. Kg5
Rg1+ 34. Kh4 1/2-1/2

[Event "TCh-CHN 2019"]
[Site "China CHN"]
[Date "2019.04.12"]
[Round "4.6"]
[Board "4"]
[White "Li, Xueyi"]
[Black "Javakhishvili, Lela"]
[Result "1/2-1/2"]
[WhiteTitle "WGM"]
[BlackTitle "IM"]
[WhiteElo "2296"]
[BlackElo "2463"]
[WhiteTeam "Guangdong Shenzhen Longgang Chess team"]
[BlackTeam "Chongqing Jiulongpo Yucai Chess team"]
[WhiteFideId "8605912"]
[BlackFideId "13601458"]
[EventDate "2019.04.09"]

1. d4 Nf6 2. c4 e6 3. g3 d5 4. Bg2 dxc4 5. Nf3 a6 6. Ne5 c5 7. Be3 Nd5 8. dxc5
Nd7 9. Nxf7 Kxf7 10. Bxd5 exd5 11. Qxd5+ Ke8 12. Nc3 Nf6 13. Qxc4 Qd7 14. O-O
Qc6 15. Rfd1 Be6 16. Qd4 Be7 17. b4 Rd8 18. Qf4 Kf7 19. a4 Rxd1+ 20. Rxd1 Rd8
21. Rxd8 Bxd8 22. b5 axb5 23. axb5 Qd7 24. c6 bxc6 25. b6 Be7 26. Qa4 Bd6 27.
Qa7 Kg6 28. b7 Qc7 29. Bb6 Qb8 30. Qa6 Nd7 31. Ba7 Qc7 32. Qd3+ Kf7 33. Ne4 Ke7
34. Nxd6 Qxd6 35. Qb1 Qd2 1/2-1/2

[Event "TCh-CHN 2019"]
[Site "China CHN"]
[Date "2019.04.12"]
[Round "4.6"]
[Board "5"]
[White "Guramishvili, Sopiko"]
[Black "Huang, Qian"]
[Result "1/2-1/2"]
[WhiteTitle "IM"]
[BlackTitle "WGM"]
[WhiteElo "2381"]
[BlackElo "2429"]
[WhiteTeam "Guangdong Shenzhen Longgang Chess team"]
[BlackTeam "Chongqing Jiulongpo Yucai Chess team"]
[WhiteFideId "13602888"]
[BlackFideId "8602689"]
[EventDate "2019.04.09"]

1. c4 c6 2. Nf3 d5 3. e3 Nf6 4. Nc3 a6 5. b3 Bf5 6. Bb2 Nbd7 7. cxd5 cxd5 8. d4
e6 9. Bd3 Bxd3 10. Qxd3 Bd6 11. O-O O-O 12. e4 dxe4 13. Nxe4 Be7 14. Rac1 Rb8
15. Ned2 Nd5 16. Nc4 Rc8 17. Rfd1 N7f6 18. Nfe5 b5 19. Ne3 Qd6 20. Qe2 Nxe3 21.
fxe3 Qd5 22. Rf1 Rxc1 23. Rxc1 Bd6 24. Qf3 Ne4 25. Nd3 a5 26. Nf4 Bxf4 27. Qxf4
a4 28. Ba3 Re8 29. Rc7 Nf6 30. Rc5 Qb7 31. Rc7 Qd5 32. Rc5 Qb7 33. Rc7 Qa8 34.
Bd6 axb3 35. axb3 Qa1+ 36. Qf1 Qxf1+ 37. Kxf1 Nd5 38. Rb7 Nxe3+ 39. Kf2 Nd5 40.
Rxb5 f6 41. Kf3 Ra8 42. Rb8+ Rxb8 43. Bxb8 Kf7 44. Ke4 Ke7 45. Ba7 Kd6 46. Bc5+
Kc6 47. Bf8 g6 48. Bc5 1/2-1/2

[Event "TCh-CHN 2019"]
[Site "China CHN"]
[Date "2019.05.07"]
[Round "5.1"]
[Board "1"]
[White "Xu, Yinglun"]
[Black "Wen, Yang"]
[Result "1/2-1/2"]
[WhiteTitle "GM"]
[BlackTitle "GM"]
[WhiteElo "2555"]
[BlackElo "2586"]
[WhiteTeam "Guangdong Shenzhen Longgang Chess team"]
[BlackTeam "Shandong Jingzhi team"]
[WhiteFideId "8604940"]
[BlackFideId "8602956"]
[EventDate "2019.04.09"]

1. Nf3 Nf6 2. d4 d5 3. c4 c6 4. Nc3 e6 5. Bg5 h6 6. Bxf6 Qxf6 7. e3 Nd7 8. Bd3
g6 9. O-O dxc4 10. Bxc4 Bg7 11. Qc2 O-O 12. Bb3 Qe7 13. Ne4 Kh7 14. Rad1 e5 15.
Nc3 f5 16. dxe5 Nxe5 17. Nxe5 Bxe5 18. Ne2 Be6 19. g3 Bxb3 20. Qxb3 Qf7 21.
Qxf7+ Rxf7 22. b3 Re8 23. h4 g5 24. hxg5 hxg5 25. Kg2 Kg6 26. Rd3 Rh8 27. Rh1
Rxh1 28. Kxh1 Bc7 29. Kg2 Kf6 30. Rd4 g4 1/2-1/2

[Event "TCh-CHN 2019"]
[Site "China CHN"]
[Date "2019.05.07"]
[Round "5.1"]
[Board "2"]
[White "Cheparinov, Ivan"]
[Black "Liu, Qingnan"]
[Result "1-0"]
[WhiteTitle "GM"]
[BlackTitle "GM"]
[WhiteElo "2687"]
[BlackElo "2533"]
[WhiteTeam "Guangdong Shenzhen Longgang Chess team"]
[BlackTeam "Shandong Jingzhi team"]
[WhiteFideId "2905540"]
[BlackFideId "8603294"]
[EventDate "2019.04.09"]

1. d4 d5 2. c4 e6 3. Nf3 Nf6 4. g3 dxc4 5. Bg2 Nc6 6. Qa4 Bb4+ 7. Bd2 Nd5 8.
Bxb4 Nxb4 9. O-O Rb8 10. Na3 O-O 11. Qb5 b6 12. Qxc4 Ba6 13. Nb5 Qd5 14. Qxd5
Nxd5 15. a4 Na5 16. Ne5 Rbd8 17. Nxa7 Nb4 18. Rac1 Bxe2 19. Rfe1 Ba6 20. Rxc7
Rxd4 21. Bh3 Rd2 22. Rxf7 Rxf7 23. Bxe6 Rxf2 24. Nxf7 Rxb2 25. Ng5+ Kf8 26.
Nxh7+ Ke7 27. Bc4+ Kd6 28. Bxa6 Nxa6 29. Nb5+ Kc5 30. Re7 Nc4 31. Rxg7 Ne3 32.
Nf6 Kc4 33. Ng4 Rb1+ 34. Kf2 Nd1+ 35. Ke2 Ra1 36. Rd7 Nb2 37. Ne3+ Kb3 38. Nd4+
Kc3 39. Nb5+ Kb3 40. Rd6 Ra2 41. Kf3 Nxa4 42. h4 Kb4 43. Nd4 Nc3 44. h5 Kc5 45.
Nef5 Nb4 46. Ne6+ Kc4 47. h6 Ncd5 48. h7 Ra3+ 49. Kg2 Ra2+ 50. Kh3 Ra1 51. Nh4
Ne3 52. Rd4+ Kb5 53. Kh2 Ra2+ 54. Kg1 1-0

[Event "TCh-CHN 2019"]
[Site "China CHN"]
[Date "2019.05.07"]
[Round "5.1"]
[Board "4"]
[White "Ning, Kaiyu"]
[Black "Li, Xueyi"]
[Result "1/2-1/2"]
[WhiteTitle "WIM"]
[BlackTitle "WGM"]
[WhiteElo "2353"]
[BlackElo "2296"]
[WhiteTeam "Shandong Jingzhi team"]
[BlackTeam "Guangdong Shenzhen Longgang Chess team"]
[WhiteFideId "8614750"]
[BlackFideId "8605912"]
[EventDate "2019.04.09"]

1. d4 d5 2. c4 e6 3. Nf3 c6 4. e3 Nf6 5. Bd3 Nbd7 6. b3 b6 7. O-O Bb7 8. Bb2 Be7
9. Nbd2 O-O 10. Qe2 c5 11. cxd5 Nxd5 12. Rad1 cxd4 13. Nxd4 Nc5 14. Bb1 Bf6 15.
Nc4 Qe7 16. Qg4 g6 17. e4 Nc7 18. e5 Bg7 19. Bc1 Nd5 20. Bg5 Qc7 21. Nb5 Qc6 22.
Nd4 Qc7 23. Nb5 Qc6 24. Nd4 Qc7 25. Nb5 1/2-1/2

[Event "TCh-CHN 2019"]
[Site "China CHN"]
[Date "2019.05.07"]
[Round "5.1"]
[Board "5"]
[White "Yan, Tianqi"]
[Black "Dzagnidze, Nana"]
[Result "0-1"]
[BlackTitle "GM"]
[WhiteElo "2240"]
[BlackElo "2520"]
[WhiteTeam "Shandong Jingzhi team"]
[BlackTeam "Guangdong Shenzhen Longgang Chess team"]
[WhiteFideId "8615250"]
[BlackFideId "13601903"]
[EventDate "2019.04.09"]

1. e4 c6 2. d4 d5 3. exd5 cxd5 4. Bd3 Nc6 5. c3 g6 6. Bf4 f6 7. Qe2 Bg7 8. Nf3
Bg4 9. Nbd2 e5 10. dxe5 fxe5 11. h3 Bxf3 12. Nxf3 Qe7 13. Bg5 Bf6 14. Bxf6 Nxf6
15. Bb5 e4 16. Nd4 Rc8 17. O-O O-O 18. Rad1 Nh5 19. Qe3 Ne5 20. f4 Nf7 21. Be2
Ng7 22. Bg4 Rcd8 23. Qc1 Nd6 24. Kh2 h5 25. Be2 Ndf5 26. Nxf5 Nxf5 27. g4 hxg4
28. Bxg4 Qc7 29. Bxf5 Rxf5 30. Qe3 Kh7 31. Kg2 Rg8 32. h4 Rgf8 33. Qg3 Qc4 34.
a3 Qe2+ 35. Qf2 Qb5 36. Qd2 Qb6 37. Kg3 Rh5 38. c4 e3 39. c5 Qf6 40. Qh2 e2 41.
Qxe2 Qxh4+ 42. Kg2 Qh2+ 0-1